[Event "HUN-chT 0102"]
[Site "Hungary"]
[Date "2002.04.21"]
[Round "11"]
[White "Schneider, Attila"]
[Black "Vegh, Endre"]
[Result "1/2-1/2"]
[WhiteElo "2342"]
[BlackElo "2321"]
[PlyCount "29"]
[EventDate "2001.??.??"]
[EventType "team"]
[EventRounds "11"]
[EventCountry "HUN"]
[SourceTitle "EXT 2004"]
[Source "ChessBase"]
[SourceDate "2003.11.25"]
[SourceVersion "1"]
[SourceVersionDate "2003.11.25"]
[SourceQuality "1"]

1. d4 d5 2. c4 c6 3. cxd5 cxd5 4. Nc3 Nf6 5. Bf4 Nc6 6. Nf3 a6 7. e3 Bg4 8. Be2 e6 9. Ne5 Bxe2 10. Qxe2 Rc8 11. 0-0 Be7 12. Rac1 0-0 13. h3 Nd7 14. Nxc6 Rxc6 15. Rc2 1/2-1/2

[Event "HUN-chT 0102"]
[Site "Hungary"]
[Date "2002.04.07"]
[Round "10"]
[White "Meszaros, Gyula"]
[Black "Schneider, Attila"]
[Result "1-0"]
[WhiteElo "2372"]
[BlackElo "2342"]
[PlyCount "51"]
[EventDate "2001.??.??"]
[EventType "team"]
[EventRounds "11"]
[EventCountry "HUN"]
[SourceTitle "EXT 2004"]
[Source "ChessBase"]
[SourceDate "2003.11.25"]
[SourceVersion "1"]
[SourceVersionDate "2003.11.25"]
[SourceQuality "1"]

1. d4 c5 2. d5 g6 3. e4 Bg7 4. Nc3 d6 5. f4 Nf6 6. Bb5+ Nfd7 7. Bd3 0-0 8. Nf3 Na6 9. 0-0 Nc7 10. f5 Nf6 11. Qe1 b5 12. fxg6 hxg6 13. Qh4 c4 14. Ng5 Re8 15. Be2 e6 16. Be3 exd5 17. Bd4 Re5 18. Bxe5 dxe5 19. Rxf6 Qxf6 20. Rf1 Qb6+ 21. Kh1 f5 22. exd5 Bb7 23. Qh7+ Kf8 24. Bh5 f4 25. Bxg6 Nxd5 26. Be4 1-0

[Event "HUN-chT 0102"]
[Site "Hungary"]
[Date "2002.02.10"]
[Round "7"]
[White "Schneider, Attila"]
[Black "Dobos, Jozsef"]
[Result "1-0"]
[WhiteElo "2342"]
[BlackElo "2309"]
[PlyCount "47"]
[EventDate "2001.??.??"]
[EventType "team"]
[EventRounds "11"]
[EventCountry "HUN"]
[SourceTitle "EXT 2004"]
[Source "ChessBase"]
[SourceDate "2003.11.25"]
[SourceVersion "1"]
[SourceVersionDate "2003.11.25"]
[SourceQuality "1"]

1. c4 g6 2. b3 Bg7 3. Nc3 e5 4. Bb2 Ne7 5. e3 0-0 6. Nge2 d6 7. d4 Nd7 8. g3 c6 9. Bg2 Re8 10. 0-0 Nf5 11. Qd2 h5 12. Rad1 h4 13. dxe5 dxe5 14. Ne4 hxg3 15. N2xg3 Bf8 16. Nxf5 gxf5 17. Ng3 Qg5 18. f4 Qg6 19. e4 fxe4 20. Bxe4 Bc5+ 21. Kh1 Qh6 22. Nf5 Qh8 23. fxe5 Nxe5 24. Nh6+ 1-0

[Event "HUN-chT 0102"]
[Site "Hungary"]
[Date "2002.01.27"]
[Round "6"]
[White "Szeberenyi, Adam"]
[Black "Schneider, Attila"]
[Result "1/2-1/2"]
[WhiteElo "2415"]
[BlackElo "2342"]
[PlyCount "31"]
[EventDate "2001.??.??"]
[EventType "team"]
[EventRounds "11"]
[EventCountry "HUN"]
[SourceTitle "EXT 2004"]
[Source "ChessBase"]
[SourceDate "2003.11.25"]
[SourceVersion "1"]
[SourceVersionDate "2003.11.25"]
[SourceQuality "1"]

1. d4 e6 2. c4 Nf6 3. Nf3 Bb4+ 4. Nbd2 b6 5. a3 Bxd2+ 6. Bxd2 Bb7 7. Bg5 h6 8. Bh4 g5 9. Bg3 d6 10. e3 Nbd7 11. Qc2 Ne4 12. Rd1 f5 13. Nd2 Qf6 14. f3 Nxg3 15. hxg3 c5 16. Qc3 1/2-1/2

[Event "HUN-chT 0102"]
[Site "Hungary"]
[Date "2001.12.02"]
[Round "4"]
[White "Horvath, Gyula"]
[Black "Schneider, Attila"]
[Result "1/2-1/2"]
[WhiteElo "2441"]
[BlackElo "2342"]
[PlyCount "34"]
[EventDate "2001.??.??"]
[EventType "team"]
[EventRounds "11"]
[EventCountry "HUN"]
[SourceTitle "EXT 2004"]
[Source "ChessBase"]
[SourceDate "2003.11.25"]
[SourceVersion "1"]
[SourceVersionDate "2003.11.25"]
[SourceQuality "1"]

1. d4 Nf6 2. c4 g6 3. Nc3 d5 4. cxd5 Nxd5 5. e4 Nxc3 6. bxc3 c5 7. Bc4 Bg7 8. Ne2 Nc6 9. Be3 0-0 10. 0-0 Na5 11. Bd3 b6 12. Qd2 Bb7 13. Rac1 cxd4 14. cxd4 e6 15. Bh6 Qe7 16. Bxg7 Kxg7 17. Qf4 Rac8 1/2-1/2

[Event "HUN-chT 0102"]
[Site "Hungary"]
[Date "2001.11.18"]
[Round "3"]
[White "Horvath, Julia"]
[Black "Schneider, Attila"]
[Result "1/2-1/2"]
[WhiteElo "2294"]
[BlackElo "2342"]
[PlyCount "185"]
[EventDate "2001.??.??"]
[EventType "team"]
[EventRounds "11"]
[EventCountry "HUN"]
[SourceTitle "EXT 2004"]
[Source "ChessBase"]
[SourceDate "2003.11.25"]
[SourceVersion "1"]
[SourceVersionDate "2003.11.25"]
[SourceQuality "1"]

1. d4 Nf6 2. c4 e6 3. Nc3 c5 4. d5 exd5 5. cxd5 d6 6. e4 g6 7. Be2 Bg7 8. Nf3 0-0 9. 0-0 a6 10. a4 Bg4 11. Nd2 Bxe2 12. Qxe2 Re8 13. Qd3 Qe7 14. h3 Nbd7 15. f4 c4 16. Qxc4 Rac8 17. Qe2 Nc5 18. Re1 Nh5 19. Qf3 Qh4 20. Rd1 f5 21. exf5 Bd4+ 22. Kh2 Re3 23. Qg4 Qxg4 24. hxg4 Nf6 25. Nf3 Rxc3 26. Nxd4 Nxg4+ 27. Kg1 Rc4 28. Rb1 Nxa4 29. fxg6 hxg6 30. f5 Kf7 31. fxg6+ Kxg6 32. b3 Nc3 33. bxc4 Nxd1 34. Bf4 Nc3 35. Rb6 Rxc4 36. Rxd6+ Kh5 37. g3 Rxd4 38. Rb6 a5 39. Rxb7 a4 40. Ra7 Rxd5 41. Kg2 Nf6 42. Ra6 Kg6 43. g4 Rd4 44. Kf3 Rd3+ 45. Kg2 Rd4 46. Kf3 Ncd5 47. Be5 Rxg4 48. Bxf6 Rf4+ 49. Kg3 Kf5 50. Ba1 Rb4 51. Kf3 Rb3+ 52. Ke2 a3 53. Kd2 Nb4 54. Ra5+ Ke4 55. Re5+ Kf4 56. Ra5 a2 57. Bc3 Rb1 58. Ra8 Ke4 59. Ra5 Rh1 60. Re5+ Kf4 61. Re1 Rh2+ 62. Re2 Rh3 63. Be5+ Kf5 64. Ba1 Rd3+ 65. Kc1 Rb3 66. Rb2 Rc3+ 67. Kd2 Rc4 68. Rb3 Ke6 69. Ra3 Rc2+ 70. Kd1 Rh2 71. Kc1 Kd5 72. Bf6 Rh1+ 73. Kd2 Kc4 74. Rc3+ Kb5 75. Ra3 Rh6 76. Be5 Rg6 77. Bh8 Rg2+ 78. Kd1 Nc2 79. Ra8 Ne3+ 80. Ke1 Nd5 81. Kf1 Rc2 82. Ke1 Nb6 83. Ra7 Rg2 84. Bd4 Na4 85. Kd1 Kb4 86. Kc1 Rh2 87. Be5 Kb3 88. Rb7+ Kc4 89. Ra7 Nc5 90. Bxh2 a1Q+ 91. Rxa1 Nb3+ 92. Kb2 Nxa1 93. Kxa1 1/2-1/2